| 000 | 00992nam a2200229 a 4500 | ||
|---|---|---|---|
| 001 | 40428 | ||
| 003 | BD-RjUL | ||
| 005 | 20211209053217.0 | ||
| 008 | 160502s1988 ii a||| |||| 00| 0 ben d | ||
| 035 | _a(BD-RjUL)40543 | ||
| 040 |
_aBD-RjUL _bben _cBD-RjUL |
||
| 041 | _aben | ||
| 082 |
_223 _a002 _bCHG 1988 |
||
| 100 |
_aচক্রবর্তী, ভুবনেশ্বর _9124542 |
||
| 245 | 1 | 0 |
_aগ্রন্থবিদ্যা : _bঐতিহ্য ও উত্তরাধিকার / _cভুবনেশ্বর চক্রবর্তী, পীযূষকান্তি মহাপাত্র |
| 260 |
_aকলিকাতা : _bদি ওয়ার্ল্ড প্রা. লি., _c১৯৮৮ |
||
| 300 |
_a১৩৩ পৃ. : _bচিত্র. ; _c২৫ সেমি. |
||
| 650 |
_aবই _9122595 |
||
| 650 |
_aBook _9124541 |
||
| 700 |
_aমহাপাত্র, পীযুষকান্তি সম্পাদক _9124543 |
||
| 942 |
_2ddc _cBK |
||
| 999 |
_c40428 _d40428 |
||